Statistics for Semordnilaps #1

Click here to take the quiz!

General Stats

  • This quiz has been taken 10 times
  • The average score is 19 of 25

Answer Stats

HintAnswer% Correct
Bugs Bunny says, "What's up ...?"Cod / Doc
100%
Wild carnivorous canine that howls and hunts in packsFlow / Wolf
100%
Man's best friendGod / Dog
100%
Winnie the ....Hoop / Pooh
100%
A person who doesn't tell the truthRail / Liar
100%
Substance that fuels carsSag / Gas
100%
UncookedWar / Raw
100%
Fifth month of the yearYam / May
100%
AngryDam / Mad
89%
The opposite of dieEvil / Live
89%
A friendLap / Pal
89%
A lower appendage on the bodyGel / Leg
78%
A man-made place to swimLoop / Pool
78%
Underwear for a babyRepaid / Diaper
78%
To expel saliva forcefullyTips / Spit
78%
A long and distinct period of historyAre / Era
67%
A naughty fictional boy named------the MenaceSinned / Dennis
67%
Plural for after dinner sweetsStressed / Desserts
67%
Runny mucusTons / Snot
67%
To bring something to the proper recipient or addressReviled / Deliver
56%
Box-shaped storage compartment in a deskReward / Drawer
56%
Vampires can take the shape of...Stab / Bats
56%
The Greek god of erotic loveSore / Eros
44%
A famous female opera singerAvid / Diva
33%
The stomach or bellyTug / Gut
33%

Score Distribution

Percentile by Number Answered

Percent of People with Each Score

Your Score History

You have not taken this quiz